000
00267nam a22001097a 4500
082
_a
621.38418 TER'R
100
_a
TERMAN, FREDERICK ENMONS
_9
60676
245
_a
RADIO ENGINEERING HANDBOOK
260
_a
NEWYORK
_b
MCGRAW HILL
_c
1943
300
_a
XI,1019P
942
_c
BK
999
_c
570352
_d
570352